00603nam a2200157 a 450000100100000000500170001000800410002704000250006808200140009311000620010724500540016926000560022330000360027995201130031599900170042800003576920200930074609.0111110s2011 dr ac 000 0 spa d aDO-SdBNPbspacBNPHU axxxbR4261 aRepública DominicanabSuperintendencia de Bancos93725613aLa banca en República Dominicana :bAyer y hoy. aSanto Domingo :bSuperintendencia de Bancos,c2011. a125 p. :bil., retrs. ;c31 cm. 00107-18PDaPDbPDcOId2011-11-10iLF1l0oxxx R426p35769-10r2020-06-25w2020-06-25yLFPDZNo se presta c35260d35260